[Event "Pfalz op-A 11th"]
[Site "Neustadt an der Weinstrasse"]
[Date "2020.02.23"]
[Round "4"]
[White "Karakol, Kerim"]
[Black "Bastian, Herbert"]
[Result "0-1"]
[WhiteElo "1745"]
[BlackElo "2301"]
[PlyCount "50"]
[EventDate "2020.02.21"]
[EventType "swiss"]
[EventRounds "9"]
[EventCountry "GER"]
[SourceTitle "CBM 195 Extra"]
[Source "ChessBase"]
[SourceDate "2020.05.31"]
[SourceVersion "1"]
[SourceVersionDate "2020.05.31"]
[SourceQuality "1"]

1. e4 c5 2. d4 cxd4 3. c3 Nf6 4. e5 Nd5 5. Nf3 e6 6. cxd4 d6 7. a3 Nc6 8. Bd3 Be7 9. 0-0 Bd7 10. Re1 Qc7 11. b4 a6 12. Nbd2 Nf4 13. Bf1 d5 14. Nb3 Ng6 15. Nc5 Bc8 16. Bb2 0-0 17. g3 b6 18. Nb3 Bd7 19. Bd3 f5 20. Bc1 Nd8 21. Ng5 h6 22. Nh3 Ba4 23. Qh5 Nh8 24. Nd2 Qc3 25. Nf3 Be8 0-1